|
|
|
|
| LEADER |
02338nam a2200649 4500 |
| 001 |
ocn853618809 |
| 003 |
OCoLC |
| 005 |
20170124070504.1 |
| 006 |
m o d |
| 007 |
cr ||||||||||| |
| 008 |
130722s2014 nju ob 001 0 eng |
| 010 |
|
|
|a 2013029533
|
| 040 |
|
|
|a DLC
|b eng
|e rda
|c DLC
|d N$T
|d CUS
|d DG1
|d YDXCP
|d OCLCF
|d TEFOD
|d DEBBG
|d GrThAP
|
| 020 |
|
|
|a 9781118774861 (pdf)
|
| 020 |
|
|
|a 1118774868 (pdf)
|
| 020 |
|
|
|a 9781118774786 (epub)
|
| 020 |
|
|
|a 1118774787 (epub)
|
| 020 |
|
|
|z 9781118774731 (cloth)
|
| 020 |
|
|
|a 9781118774946
|
| 020 |
|
|
|a 1118774949
|
| 029 |
1 |
|
|a AU@
|b 000051762106
|
| 029 |
1 |
|
|a NZ1
|b 15341859
|
| 029 |
1 |
|
|a CHVBK
|b 314714812
|
| 029 |
1 |
|
|a CHBIS
|b 010131783
|
| 029 |
1 |
|
|a GBVCP
|b 790210339
|
| 029 |
1 |
|
|a DEBBG
|b BV043396106
|
| 035 |
|
|
|a (OCoLC)853618809
|
| 037 |
|
|
|a 277ADFF3-82F3-4840-830A-E894D91D862A
|b OverDrive, Inc.
|n http://www.overdrive.com
|
| 042 |
|
|
|a pcc
|
| 050 |
0 |
0 |
|a HG4529
|
| 072 |
|
7 |
|a BUS
|x 027000
|2 bisacsh
|
| 082 |
0 |
0 |
|a 332.6
|2 23
|
| 049 |
|
|
|a MAIN
|
| 100 |
1 |
|
|a Birinyi, Laszlo.
|
| 245 |
1 |
4 |
|a The master trader :
|b Birinyi's secrets to understanding the market /
|c Laszlo Birinyi.
|
| 264 |
|
1 |
|a Hoboken, New Jersey :
|b John Wiley & Sons,
|c 2014.
|
| 300 |
|
|
|a 1 online resource.
|
| 336 |
|
|
|a text
|2 rdacontent
|
| 337 |
|
|
|a computer
|2 rdamedia
|
| 338 |
|
|
|a online resource
|2 rdacarrier
|
| 490 |
1 |
|
|a Wiley trading series
|
| 504 |
|
|
|a Includes bibliographical references and index.
|
| 588 |
|
|
|a Description based on print version record and CIP data provided by publisher.
|
| 650 |
|
0 |
|a Investment analysis.
|
| 650 |
|
0 |
|a Technical analysis (Investment analysis)
|
| 650 |
|
0 |
|a Speculation.
|
| 650 |
|
0 |
|a Investments.
|
| 650 |
|
7 |
|a BUSINESS & ECONOMICS / Finance
|2 bisacsh
|
| 650 |
|
7 |
|a Investment analysis.
|2 fast
|0 (OCoLC)fst00978180
|
| 650 |
|
7 |
|a Investments.
|2 fast
|0 (OCoLC)fst00978234
|
| 650 |
|
7 |
|a Speculation.
|2 fast
|0 (OCoLC)fst01129139
|
| 650 |
|
7 |
|a Technical analysis (Investment analysis)
|2 fast
|0 (OCoLC)fst01747072
|
| 655 |
|
4 |
|a Electronic books.
|
| 776 |
0 |
8 |
|i Print version:
|a Birinyi, Laszlo.
|t Master trader
|d Hoboken, New Jersey : John Wiley & Sons, 2014
|z 9781118774731
|w (DLC) 2013027503
|
| 830 |
|
0 |
|a Wiley trading series.
|
| 856 |
4 |
0 |
|u https://doi.org/10.1002/9781118774946
|z Full Text via HEAL-Link
|
| 994 |
|
|
|a 92
|b DG1
|